Регионална библиотека "Любен Каравелов" - Русе

Честър (Запис номер 347549)

MARC детайли
000 -Лидер
Контролно поле с фиксирана дължина 01026nam a2200277 a 4500
003 - Код на организацията, давaща контролен номер
Контролно поле BLK
005 - Дата и час на последна редакция
Контролно поле 20250714091236.0
008 - Елементи от данни с фиксирана дължина
fixed length control field 200106b bu ||||| |||| 00| 0 bu d
020 ## - Международен стандартен номер на книга ISBN
Международен стандартен номер на книга ISBN 9786197055610
040 ## - Източник на каталожния запис
Идентификатор на билиотеката - собственик на записа BLK
041 ## - Код за език
Код за езика на текст/звукозапис или на отделно заглавие Български
Код за езика КДБФ Български
080 ## - УДК
Текстов определител УДК Японска литература
УДК код - определител по УДК 821.521
УДК определител -93-34
УДК - код + определител 821.521-93-34
100 ## - Редна дума - Автор
Автор Аяно Имаи
Авторска отговорност първи автор
R(LIN) 1299
139 ## - Редно поле
Редна дума Аяно Имаи
Авторски знак Ая - А 99
245 ## - Сведения за заглавието
Заглавие Честър
Редно поле (дума) Текст и рис. Аяно Имаи ; Прев. Емилия Л. Масларова
260 ## - Област на издателските данни
9 (RLIN) 210561
Място на издаване, разпространение и проч. София
Име на издателя, разпространителя и проч. Лабиринт
Година на издаване 2019
Печатница София : Симолини
Издателство - префикс ISBN 978-619-7055- ; 5-87604-
300 ## - Физическа характеристика
Страници 28 с.
Илюстрации и др. с цв. ил.
Размери/Мащаб 29 см
380 ## - Жанр
Жанр Детска худож. лит.
500 ## - Общи забележки
Забележка Ориг. загл. Chappi / Ayano Imai
700 ## - Други автори (авторска отговорност)
Лично име Масларова, Емилия Любенова
Дати, свързани с автора 1956-
9 (RLIN) 363911
765 ## - Описание на заглавието на оригиналният език
Редна дума на основното описание Chappi
852 ## - Местоположение
Фондова буква Детски отдел
Систематично-азбучна сигнатура ДХ 820/899/А 99
999 ## - СИСТЕМНИ КОНТРОЛНИ НОМЕРА
Koha biblionumber 347549
Koha biblioitemnumber 347549
942 ## - АРТИКУЛИ
Източник на класификационната схема Universal Decimal Classification
Вид на библиотечния материал Книги
Скрит в OPAC Не
Периодичен библиозапис Да
Koha issues (borrowed), all copies 39
999 ## - СИСТЕМНИ КОНТРОЛНИ НОМЕРА
Koha biblioitemnumber 347549
944 ## - СЪЗДАВАНЕ И РЕДАКЦИЯ на ЗАПИСА
Служител, извършил регистрацията/редакцията 30542
Статус, дата на статуса Русанова Ирена
Наличности
Код за отписване Код за изгубен артикул Източник на класификационната схема Код за повреда Код за отдаване Артикулен № Име на библиотеката - собственик Име на библиотеката, в която се намира в момента Статус (Текущо местоположение) Дата на вписване в системата Местоположение - отдел Цена в лева Систематично азбучна сигнатура Баркод Цена в евро Служебен тип на артикула Коз за рестрикции
  Не е изгубен Universal Decimal Classification Не е повреден заемане за дома 753924 Регионална библиотека "Любен Каравелов" Русе Регионална библиотека "Любен Каравелов" Русе Детски отдел 2020-01-13 Детски отдел 11.84 ДХ 820/899/А 99 120000840950 6.05 Книги  
  Не е изгубен Universal Decimal Classification Не е повреден заемане за дома 753925 Регионална библиотека "Любен Каравелов" Русе Регионална библиотека "Любен Каравелов" Русе Детски отдел 2020-01-13 Детски отдел 11.84 ДХ 820/899/А 99 120000840952 6.05 Книги  
  Не е изгубен Universal Decimal Classification Не е повреден заемане за дома 753926 Регионална библиотека "Любен Каравелов" Русе Регионална библиотека "Любен Каравелов" Русе Детски отдел 2020-01-13 Детски отдел 11.84 ДХ 820/899/А 99 120000840951 6.05 Книги  
  Не е изгубен Universal Decimal Classification Не е повреден ползва се в читалня 781016 Регионална библиотека "Любен Каравелов" Русе Регионална библиотека "Любен Каравелов" Русе Хранилище 2020-07-06 Хранилище 16.90 Цб ІІ 25237 120000844214 8.64 Книги  
  Не е изгубен Universal Decimal Classification Не е повреден заемане за дома 837390 Регионална библиотека "Любен Каравелов" Русе Регионална библиотека "Любен Каравелов" Русе Детски отдел 2021-06-17 Детски отдел 16.90 821-93/А 99 120000856628 8.64 Книги без рестрикции
Vip Innovations Ltd, Rousse, Bulgaria 2025